000 00434nam a2200181Ia 4500
001 10680
005 20260306161850.0
008 260306t1973||||xx |||||||||||||| ||spa||
041 _aESP
082 _a946.072
_bA78
100 _aArtola, Miguel
_eAUT
245 0 _aLa burguesía revolucionaria (1808-1869)
260 _c1973
300 _a434 páginas :
_c20 cm.
650 _aGEN
654 _aCHU
942 _cLIB
_dJUS
_fJUS
_2ddc
_n
999 _c10680
_d10680